00357 a2200109 4500001001000000005001700010008004100027245007700068100002200145773006300167999001700230ART_2611420260410161928.0260409a 10aHacia la efectiva prevención y sanción del acoso sexual en Argentina1 aGebruers, Cecilia0 tDerechos humanosg- Año III, Nº 5 (jun. 2014)wREV22278 c28323d28323